Aspekty uplatnenia veternej energetiky na Slovensku

Špecifikí veternej energetiky. Prírodné podmienky Slovenska z hľadiska využívania veternej energie. Potenciál veternej energie na Slovensku. Súčasný stav využívania veternej energie na Slovensku. Podpora využívania veternej energie. Možné smery rozvoja veternej energetiky. Investičné náklady proje...

ver descrição completa

Na minha lista:
Detalhes bibliográficos
Autor principal: Kudelas, Dušan
Outros Autores: Rybár, Radim
Formato: Capítulo de Livro
Idioma:eslovaco
Assuntos:
Tags: Adicionar Tag
Sem tags, seja o primeiro a adicionar uma tag!

MARC

LEADER 00000naa$a2200000$$$4500
001 0046219
005 20241107135008.1
041 0 |a slo 
044 |a SK 
245 1 0 |a Aspekty uplatnenia veternej energetiky na Slovensku  |c Dušan Kudelas, Radim Rybár 
520 |a Špecifikí veternej energetiky. Prírodné podmienky Slovenska z hľadiska využívania veternej energie. Potenciál veternej energie na Slovensku. Súčasný stav využívania veternej energie na Slovensku. Podpora využívania veternej energie. Možné smery rozvoja veternej energetiky. Investičné náklady projektu veternej energie. 
610 2 0 |a energia veterná 
610 2 0 |a elektrárne veterné 
610 2 0 |a zdroje energie obnoviteľné 
610 2 0 |a zdroje energie prírodné 
610 2 0 |a elektrárne 
610 2 0 |a projekty 
610 2 0 |a výroba energie 
610 2 0 |a náklady investičné 
610 2 0 |a Slovensko 
100 1 |a Kudelas, Dušan 
700 1 |a Rybár, Radim